Future of Work in Sri Lanka: (Record no. 4747)
[ view plain ]
| 000 -LEADER | |
|---|---|
| fixed length control field | 00768nam a2200181 4500 |
| 008 - FIXED-LENGTH DATA ELEMENTS--GENERAL INFORMATION | |
| fixed length control field | 240216b |||||||| |||| 00| 0 eng d |
| 020 ## - ISBN | |
| ISBN | 9789221329954 |
| 082 ## - DEWEY DECIMAL CLASSIFICATION NUMBER | |
| Classification number | 331 |
| Item number | INT |
| 942 ## - ADDED ENTRY ELEMENTS (KOHA) | |
| Item Type | Reports |
| 110 ## - MAIN ENTRY--CORPORATE NAME | |
| Corporate Name | International Labour Organization |
| 710 ## - ADDED ENTRY--CORPORATE NAME | |
| Corporate Author | TANDEM Research |
| 245 ## - TITLE STATEMENT | |
| Title | Future of Work in Sri Lanka: |
| Sub Title | Shaping technology transitions for a brighter future |
| 260 ## - PUBLICATION, DISTRIBUTION, ETC. (IMPRINT) | |
| Place of Publication | Colombo: |
| Name of Publisher | ILO Country Office for Sri Lanka and the Maldives |
| Date of Copyright | 2019 |
| 300 ## - PHYSICAL DESCRIPTION | |
| Extent | xiv, 80 p. : ill. (color) ; 30 cm |
| 856 ## - ELECTRONIC LOCATION AND ACCESS | |
| Uniform Resource Identifier | <a href="https://researchrepository.ilo.org/esploro/outputs/book/Future-of-work-in-Sri-Lanka/995219354202676/filesAndLinks?index=0">https://researchrepository.ilo.org/esploro/outputs/book/Future-of-work-in-Sri-Lanka/995219354202676/filesAndLinks?index=0</a> |
| 650 ## - SUBJECT ADDED ENTRY--TOPICAL TERM | |
| Topical Term | Labor supply--Effect of technological innovations on--Sri Lanka |
| 650 ## - SUBJECT ADDED ENTRY--TOPICAL TERM | |
| Topical Term | Technological unemployment--Sri Lanka |
| Withdrawn status | Lost status | Source of classification or shelving scheme | Damaged status | Not for loan | Permanent location | Current location | Date acquired | Total Checkouts | Full call number | Barcode | Date last seen | Price effective from | Koha item type |
|---|---|---|---|---|---|---|---|---|---|---|---|---|---|
| Dewey Decimal Classification | Resource center, Muslim Women's Research And Action Forum | Resource center, Muslim Women's Research And Action Forum | 2024-02-16 | 331 INT | RAF5030 | 2024-02-16 | 2024-02-16 | Reports |

